000 00439nam a22001817a 4500
999 _c6314
_d6312
005 20210828153452.0
008 200520b xxu||||| |||| 00| 0 eng d
020 _a9788174732965
041 _aeng
082 _a660 VAN
100 _aDATTA CHANDRANI SANYAL
_95633
245 _aEssentials of Biotechnology
250 _a1'st
260 _aDelhi
_bAITBS PUBLISHERS
_c2010
300 _a226,vii
650 _aPharmacy
_96831
942 _cBK